Via vitae, et mortis Via vitae, mortisque, Librîs tribûs explicata, a Jacobo Lobbetio, Societatis JESU Theologô, Leodiensî, Annô 1653, fecundâ jam tunc editionê, correcta

Iniciálky s ornamentálnym pozadím v rámčeku na 4 r., kustódy, marginálie

Bibliographic Details
Main Author: Lobbetius, Jacob (Author, Dedicator)
Corporate Author: Kurzböck, Gregor (Viedeň, Rakúsko) (Printer)
Other Authors: Kurzböck, Gregor, 1675-1763 (Printer)
Format: Book
Language:Latin
PhysicalDescription:[2], 455, [3] s. 8° 13,5 x 7,5 cm
Published: Viennae typis Gregorii Kurtzböck, Universitat, Typograph. M.DCC.XXXII. [1732]
Subjects:

MARC

LEADER 00000nam a22000005a 4500
001 vtls010503016
003 SK-MaSNL
005 20260302050239.0
008 240314s1732 au 000 0 lat
020 |q (viaz.) 
040 |a SNK  |b slo  |c SNK  |e AACR2 
041 0 |a lat 
044 |a au  |c AT 
100 |a Lobbetius, Jacob  |4 aut  |9 704443 
240 |a Via vitae, et mortis 
245 1 0 |a Via vitae, et mortis  |b Via vitae, mortisque, Librîs tribûs explicata, a Jacobo Lobbetio, Societatis JESU Theologô, Leodiensî, Annô 1653, fecundâ jam tunc editionê, correcta 
260 |a Viennae  |b typis Gregorii Kurtzböck, Universitat, Typograph.  |c M.DCC.XXXII. [1732] 
300 |a [2], 455, [3] s.  |c 8°  |c 13,5 x 7,5 cm 
520 |a Iniciálky s ornamentálnym pozadím v rámčeku na 4 r., kustódy, marginálie 
650 0 7 |a teológia  |x vieroučné spisy  |2 snkph  |9 603271 
700 |a Kurzböck, Gregor,  |d 1675-1763  |4 prt  |9 614110 
700 |a Starhemberg, Gundaker Thomas von  |4 hnr  |9 704444 
700 |a Lobbetius, Jacob  |4 dto  |9 704443 
700 |a Bořita, Adolf Bernard z Martinic  |4 hnr  |9 704445 
700 |a Khevenhüller, Sigmund Friedrich von  |4 hnr  |9 704446 
710 |a Kurzböck, Gregor (Viedeň, Rakúsko),  |d 1731-1763  |4 prt  |9 614111 
752 |a Rakúsko  |d Wien 
958 |a ONDV 
999 |c 1096383  |d 1098313 
952 |a SNK  |b SNK  |y PREZ  |7 0  |p 17A1067102  |o snkIE 9918  |i snk2013/8092  |8 3  |g 192.00  |0 0  |1 0  |4 0  |d 2013-04-10  |l 0  |r 2026-02-24 17:14:12  |w 2026-02-24